00976nas a2200253Ia 4500001001100000003000900011008004100020040001300061040001300074041001300087100004200100210001800142222001800160245007400178250001100252260002900263501008600292300002000378362004200398650003600440942000700476999001900483952022000502R002/E8014IT-RoPAU151124c99999999xx |||||||||||| ||und|| aIT-RoPAU cIT-RoPAU aITALIANO aTaggi PaologCodice Aut. SPICS: 19914 aBIANCO E NERO aBianco E Nero aBIANCO & NERO, ANNO 58-N.1/2 (GENNAIO/GIUGNO 1997)bStorie In Sospeso a1a ed. aMILANObIL CASTOROc1997 bPaulus - SPICS - Società San Paolo EM (non-commercial uses only)cCopyright2015 a13 p. [170-182] aANNO 058, N.1/2 (GENNAIO/GIUGNO 1997) aCINEMAvPUBBLICAZIONE PERIODICA cCR c174897d174897 0010406R_002_000000000000000_E801471aSPICSbSPICSd2015-11-25l0oR002/E8014r2015-11-25 00:00:00w2015-11-25yCRzProgr. Ins: 2879 / Copia rara: NO / date import: 25.11.2015 / By Epidotti, Trombetti, Vaglietti